000 00256nam a2200097Ia 4500
008 220204s9999 xx 000 0 und d
082 _a613(031)
_bINT
245 0 _aInternational family health encyclopedia. 21 V
260 _aLondon
_bOrbis
_c1971
942 _cBK
999 _c25307
_d25307